00928nam a2200169 a 450000100080000000500110000800800410001910000240006024501620008426001950024630000160044152002180045765000120067565000260068765300210071365300240073415111352025-02-28 2008 bl uuuu u00u1 u #d1 aARAUJO, H. J. B. de aEstudo das correlações e estimativas de propriedades físicas e mecânicas de madeiras brasileiras com aptidão ao manejo florestal.h[electronic resource] aIn: SIMPÓSIO LATINO-AMERICANO SOBRE MANEJO FLORESTAL, 4., 2008, Santa Maria, RS. Produção de bens materiais e imateriais: anais. Santa Maria, RS: Universidade Federal de Santa Mariac2008 ap. 126-132. aEste estudo objetivou avaliar as correlações e realizar análises de regressão de propriedades físicas e mecânicas de madeiras tropicais brasileiras, oferecendo recursos matemáticos que permitam estimá-las. aMadeira aPropriedade Mecânica aManejo florestal aPropriedade física